Perception of grade six students of Southville International School and Colleges on the effects of cellphones on their health / (Record no. 96984)
[ view plain ]
| 000 -LEADER | |
|---|---|
| fixed length control field | 00856nam a2200205 a 4500 |
| 003 - CONTROL NUMBER IDENTIFIER | |
| control field | 0 |
| 005 - DATE AND TIME OF LATEST TRANSACTION | |
| control field | 20250415084053.0 |
| 008 - FIXED-LENGTH DATA ELEMENTS--GENERAL INFORMATION | |
| fixed length control field | 970101s19uu xx 00 eng d |
| 050 ## - LIBRARY OF CONGRESS CALL NUMBER | |
| Classification number | PGS RA 569.3 |
| Item number | .G643 2004 |
| 100 ## - MAIN ENTRY--PERSONAL NAME | |
| Personal name | Gonzales, Ivana Talya C. |
| 245 ## - TITLE STATEMENT | |
| Title | Perception of grade six students of Southville International School and Colleges on the effects of cellphones on their health / |
| Statement of responsibility, etc | Ivana Talya C. Gonzales. |
| 260 ## - PUBLICATION, DISTRIBUTION, ETC. (IMPRINT) | |
| Place of publication, distribution, etc | Las Piñas City, Philippines : |
| Name of publisher, distributor, etc | Southville International School and Colleges, |
| Date of publication, distribution, etc | 2004. |
| 300 ## - PHYSICAL DESCRIPTION | |
| Extent | 17 pages : |
| Other physical details | colored illustrations ; |
| Dimensions | 28 cm. |
| 504 ## - BIBLIOGRAPHY, ETC. NOTE | |
| Bibliography, etc | Includes bibliographical references. |
| 650 ## - SUBJECT ADDED ENTRY--TOPICAL TERM | |
| Topical term or geographic name as entry element | Cell phones and children. |
| 650 ## - SUBJECT ADDED ENTRY--TOPICAL TERM | |
| Topical term or geographic name as entry element | Children |
| Form subdivision | Use of mobile devices. |
| 650 ## - SUBJECT ADDED ENTRY--TOPICAL TERM | |
| Topical term or geographic name as entry element | Health |
| Form subdivision | Effect of technology on children. |
| 650 ## - SUBJECT ADDED ENTRY--TOPICAL TERM | |
| Topical term or geographic name as entry element | Mobile communication systems |
| Form subdivision | Health aspects. |
| 942 ## - ADDED ENTRY ELEMENTS (KOHA) | |
| Source of classification or shelving scheme | Library of Congress Classification |
| Koha item type | PASS |
| Withdrawn status | Lost status | Source of classification or shelving scheme | Damaged status | Home library | Current library | Shelving location | Date acquired | Source of acquisition | Total Checkouts | Full call number | Barcode | Date last seen | Price effective from | Koha item type |
|---|---|---|---|---|---|---|---|---|---|---|---|---|---|---|
| Library of Congress Classification | Luxembourg Library | Luxembourg Library | Portfolio Assessment of SISC Students Section | 05/05/2004 | Donation | PGS RA 569.3 .G643 2004 | P0995 | 04/08/2014 | 04/08/2014 | PASS |